000 00926nam a22002532 4500
001 0000019516
005 20151217145917.0
008 110105s xx 000 0 eng d
020 _a1591582768 :
040 _aKABU
_cKABU
245 1 0 _aRevisiting outcomes assessment in higher education /
_cedited by Peter Hernon, Robert E. Dugan andCandy Schwartz.
250 _a1st ed.
260 _aLondon :
_bLibraries Unlimited,
_c2006.
300 _axvi, 456 p.
650 0 _aEducation, Higher
_zUnited States
_xEvaluation.
_@0000179261
650 0 _aEducational tests and measurements
_zUnited States.
_@0000153685
700 1 _aHernon, Peter.
_@0000157839
700 1 _aDugan, Robert E.
_@0000179262
700 1 _aSchwartz, Candy.
_@0000179263
852 1 _9p3913 KES
852 1 _9p3913 KES
908 _a110105
950 _@1
999 _c3962
_d3962